000 00240nam a2200109Ia 4500
008 190216s9999||||xx |||||||||||||| ||und||
100 _aAlexandre Dumas
245 0 _aBlack Teelp
260 _bDean&Son Ltd
650 _aEnglish
942 _cBK
999 _c11751
_d11751